The Man in the Movies Quiz Stats

 Plays Quiz Updated Dec 2, 2016

Support Sporcle.
Go Orange.
Score 0/36 Timer 06:00
1 Play Today
% Correct
Mike Myers
91.9%
Tobey Maguire
91.8%
Robert Downey Jr.
91.8%
Will Ferrell
91.1%
Dustin Hoffman
88.4%
Christopher Reeve
87.9%
Christian Bale
86.9%
Amanda Bynes
83.4%
Michael Keaton
78.5%
Leonardo DiCaprio
78%
Russell Crowe
76.4%
Chris Hemsworth
75.8%
Henry Cavill
72.8%
Jim Carrey
71.7%
Denzel Washington
68.8%
Sean Penn
66.4%
Arnold Schwarzenegger
64.2%
Sylvester Stallone
63%
% Correct
John Hurt
61.9%
Kevin Bacon
60.2%
Benicio Del Toro
50.7%
Andy Garcia
50.7%
James Stewart
50.1%
John Wayne
50%
Nicolas Cage
49.1%
David Bowie
48.8%
Charlton Heston
45.7%
Bill Murray
44.5%
Emilio Estevez
44.3%
Colin Firth
43.9%
Robert Preston
42.6%
Sam Worthington
41.4%
Bruce Willis
40.4%
Sean Connery
39.8%
Robin Williams
39.5%
Christopher Lee
35.2%

From the Vault

-ude Definitions

by NO_r_WAY

Do your best, dude.
Remove Ads.
Support Sporcle.
Get the best of Sporcle when you Go Orange. This ad-free experience offers more features, more stats, and more fun while also helping to support Sporcle. Thank you for becoming a member.

Show Comments

Extras

Top Quizzes Today


Score Distribution

Your Account Isn't Verified!

In order to create a playlist on Sporcle, you need to verify the email address you used during registration. Go to your Sporcle Settings to finish the process.

Report this User

Report this user for behavior that violates our Community Guidelines.

Details: